Саморазогревный CuBr-лазер; Оптика атмосферы и океана; Т. 13, № 11

Detalhes bibliográficos
Parent link:Оптика атмосферы и океана: научно-теоретический журнал.— , 1988-
Т. 13, № 11.— 2000.— С. 1053-1055
Outros Autores: Суханов В. Б. Виктор Борисович, Евтушенко Г. С. Геннадий Сергеевич, Шиянов Д. В. Дмитрий Валерьевич, Чернышев А. И.
Resumo:Представлены результаты экспериментального исследования лазера на бромиде меди. Отличительной чертой данного лазера является то, что разработанная конструкция газоразрядной трубки позволяет реализовать устойчивый "саморазогревный" режим работы. Эксперименты, проведенные с трубками различного активного объема, показали, что данная конструкция легко масштабируется на выходные мощности излучения от 1 до 50 Вт. Реализован отпаянный режим работы активных элементов.
В фонде НТБ ТПУ отсутствует
Idioma:russo
Publicado em: 2000
Assuntos:
Formato: MixedMaterials Capítulo de Livro
KOHA link:https://koha.lib.tpu.ru/cgi-bin/koha/opac-detail.pl?biblionumber=599930

MARC

LEADER 00000naa0a2200000 4500
001 599930
005 20250124145139.0
035 |a (RuTPU)RU\TPU\tpu\24086 
035 |a RU\TPU\tpu\24083 
090 |a 599930 
100 |a 20131206d2000 k||y0rusy50 ca 
101 0 |a rus 
102 |a RU 
200 1 |a Саморазогревный CuBr-лазер  |f В. Б. Суханов [и др.] 
320 |a Библиогр.: 18 назв. 
330 |a Представлены результаты экспериментального исследования лазера на бромиде меди. Отличительной чертой данного лазера является то, что разработанная конструкция газоразрядной трубки позволяет реализовать устойчивый "саморазогревный" режим работы. Эксперименты, проведенные с трубками различного активного объема, показали, что данная конструкция легко масштабируется на выходные мощности излучения от 1 до 50 Вт. Реализован отпаянный режим работы активных элементов. 
333 |a В фонде НТБ ТПУ отсутствует 
461 |t Оптика атмосферы и океана  |o научно-теоретический журнал  |d 1988- 
463 |t Т. 13, № 11  |v С. 1053-1055  |d 2000 
610 1 |a труды учёных ТПУ 
701 1 |a Суханов  |b В. Б.  |c специалист в области электроники  |c инженер Томского политехнического университета  |f 1945-  |g Виктор Борисович  |3 (RuTPU)RU\TPU\pers\31231  |4 070 
701 1 |a Евтушенко  |b Г. С.  |c российский специалист в области электрофизики  |c профессор Томского политехнического университета, доктор технических наук  |f 1947-  |g Геннадий Сергеевич  |3 (RuTPU)RU\TPU\pers\21960  |4 070  |9 9279 
701 1 |a Шиянов  |b Д. В.  |c специалист в области промышленной и медицинской электроники  |c инженер Томского политехнического университета  |f 1973-  |g Дмитрий Валерьевич  |3 (RuTPU)RU\TPU\pers\28811  |4 070 
701 1 |a Чернышев  |b А. И. 
801 1 |a RU  |b 63413507  |c 20131205 
801 2 |a RU  |b 63413507  |c 20131206  |g RCR 
942 |c CR